01002nam a2200253Ia 450000500170000000800390001702000190005608200170007510000170009224500640010925000190017330000430019250000340023550502340026965000230050365000210052665000220054765000290056926400270059833600270062533700330065233800280068504000350071320220317000959.0160825s2008 sp a g 000 0 spa a9789681800901204a570.1 bN17b1 aNason, Alvin10aBiologíacAlvin Nason ; traducido por Juan Luis Cifuentes a1a. edición  a725 páginas bilustraciones c26 cm  aIncluye índice analítico  aEl principio ; La célula como unidad vital ; Bases moleculares de la biología ; Herencia y acción de gene ; Diversidad e interrelación de los seres vivientes ; Biología en los seres vivientes M Interrelación evolutiva142LEMBaBiología 142LEMBaCélulas 142LEMBaGenética 142LEMBaOrigen de la vida  aMéxicobLimusac2008 atextobtxt2rdacontent asin mediaciónbn2rdamedia avolumenbnc2rdacarrier aCO-BoRNBPbspaerdacCO-BoRNBP